000 00942nam a2200277 i 4500
001 bg
003 BPK
005 20200604082016.0
008 031028s2003 pl a f f |000 0 pol
015 _aPB 2003/18880
020 _a8372422621
040 _aWA N
_cBPK
041 0 _apol
080 _a53
080 _a(075.8)
100 1 _aOleś, Barbara.
245 1 0 _aWykłady z fizyki :
_bpodręcznik dla studentów wyższych szkół technicznych /
_cBarbara Oleś ; Politechnika Krakowska im. Tadeusza Kościuszki.
260 _aKraków :
_bPK,
_c2003.
300 _a339 s. :
_bil. ;
_c24 cm.
504 _aBibliogr.
650 4 _aFizyka
_xszkoły wyższe.
655 4 _aPodręczniki akademickie
710 2 _aPolitechnika Krakowska im. Tadeusza Kościuszki
_bWydawnictwo
_4pbl.
942 _2UKD
_cKS
856 _uhttp://koha.tu.koszalin.pl/cgi-bin/koha/opac-detail.pl?biblionumber=43252
_yKatalog online BPK
999 _c43252
_d43252